<?xml version="1.0" encoding="UTF-8"?>
<collection xmlns="http://www.loc.gov/MARC21/slim">
 <record>
  <leader>02833nam a2200229Ia 4500</leader>
  <controlfield tag="001">CTU_233241</controlfield>
  <controlfield tag="008">210402s9999    xx            000 0 und d</controlfield>
  <datafield tag="082" ind1=" " ind2=" ">
   <subfield code="a">331.12</subfield>
  </datafield>
  <datafield tag="082" ind1=" " ind2=" ">
   <subfield code="b">Th502</subfield>
  </datafield>
  <datafield tag="088" ind1=" " ind2=" ">
   <subfield code="a">9620115</subfield>
  </datafield>
  <datafield tag="100" ind1=" " ind2=" ">
   <subfield code="a">Phạm, Đức Thuần</subfield>
  </datafield>
  <datafield tag="245" ind1=" " ind2="0">
   <subfield code="a">Đánh giá các nhân tố ảnh hưởng đến nhu cầu việc làm của lao động nông thôn ở thành phố Cần Thơ :</subfield>
  </datafield>
  <datafield tag="245" ind1=" " ind2="0">
   <subfield code="b">Luận án tiến sĩ Kinh tế ngành. Kinh tế Nông nghiệp</subfield>
  </datafield>
  <datafield tag="245" ind1=" " ind2="0">
   <subfield code="c">Phạm Đức Thuần ; Dương Ngọc Thành (Hướng dẫn khoa học)</subfield>
  </datafield>
  <datafield tag="260" ind1=" " ind2=" ">
   <subfield code="a">Cần Thơ</subfield>
  </datafield>
  <datafield tag="260" ind1=" " ind2=" ">
   <subfield code="b">Trường Đại học Cần Thơ</subfield>
  </datafield>
  <datafield tag="260" ind1=" " ind2=" ">
   <subfield code="c">2020</subfield>
  </datafield>
  <datafield tag="520" ind1=" " ind2=" ">
   <subfield code="a">Luận án “Đánh giá các nhân tố ảnh hưởng đến nhu cầu việc làm của lao động nông thôn ơ thành phố Cần Thơ” được thực hiện với các mục tiêu nghiên cứu bao gồm: (i) đánh giá thực trạng nhu cầu việc làm của lao động nông thôn (lao động nông nghiệp, lao động làm thuê trong nông nghiệp) trên địa bàn thành phố Cần Thơ, (ii) đánh giá các nhân tố ảnh hưởng đến nhu cầu việc làm của người lao động nông thôn trên đia bàn thành phố Cần Thơ, (iii) đề xuất các giải pháp đáp ứng nhu cầu việc làm cho lao động nông thôn trong thời gian tới trên địa bàn thành phố Cần Thơ. Nghiên cứu dựa vào phỏng vấn trực tiếp 530 người trong độ tuổi lao động (gồm: 210 lao động nông nghiệp, 110 lao động làm thuê trong nông nghiệp và 210 lao động phi nông nghiệp) được chọn một cách phi ngẫu nhiên phân tầng ở 04 huyện (Phong Điền, Thới Lai, Cờ Đỏ và Vĩnh Thạnh); kết hợp với các phương pháp phân tích thống kê mô tả về thực trạng của lao động nông thôn, phân tích bảng chéo, phương pháp phân tích mô hình hồi quy Tobit về thời gian làm việc của lao động nông thôn, phương pháp phân tích mô hình hồi quy Binary Logistics về nhu cầu việc làm của người lao động nông thôn để giải quyết các mục tiêu nghiên cứu, câu hỏi nghiên cứu và các giả thuyết đã được đặt ra.</subfield>
  </datafield>
  <datafield tag="650" ind1=" " ind2=" ">
   <subfield code="a">Agricultural laborers,Lao động nông nghiệp</subfield>
  </datafield>
  <datafield tag="910" ind1=" " ind2=" ">
   <subfield code="b">tvtrong</subfield>
  </datafield>
  <datafield tag="910" ind1=" " ind2=" ">
   <subfield code="c">tvtrong,tvtrong</subfield>
  </datafield>
  <datafield tag="980" ind1=" " ind2=" ">
   <subfield code="a">Trung tâm Học liệu Trường Đại học Cần Thơ</subfield>
  </datafield>
 </record>
</collection>
